LEADER 00922nam a2200253 i 4500 001 000000232959 003 CaOOAMICUS 005 20140910000000.0 008 140910s1993 it u000 u ita u 013 $a211862 020 $a88-7203-027-7 040 $aSeMil$bita 100 1 $aSironi, Umberto <1957->.$0(OLS)http://semarc/name/16710 245 12$aL'eredita perduta /$cUmberto Sironi. 260 $aBarzago (Lc) :$bMarna,$c1993. 300 $a253 p. ;$c21 cm. 490 0 $aNarrativa Marna 830 0$aNarrativa Marna.$0(OLS)http://semarc/title/23685 850 $aSeMil 852 $aSeMil$W1$xVenegono$y1$m1A III 38$j183305$B183305$CSeMilBibl$Z2$F195060 $81 961 $aLascito: Serenthà don Mario 996 $6020$a88-7203-027-7$9(OLS)http://semarc/number/236739 996 $6245$aL'eredita perduta$9(OLS)http://semarc/title/332400 996 $6260$aBarzago (Lc) :$bMarna$9(OLS)http://semarc/publisher/32565 LEADER 01465nam a2200289 i 4500 001 000000351012 003 CaOOAMICUS 005 20220727104731.0 008 220727s2021 it u000 u ita u 013 $a235666 020 $a978-88-01-04714-1 040 $aSeMil$bita 100 1 $aMascilongo, Paolo,$d<1969- >.$0(OLS)http://semarc/name/72347 245 10$a«Tutto ciò che Gesù fece e insegnò» :$bintroduzione ai Vangeli sinottici e agli Atti degli Apostoli /$cPaolo Mascilongo, Antonio Landi. 264 1$aTorino :$bElledici,$c2021. 300 $a408 p. ;$c22 cm. 490 1 $aGraphé ;$v6 650 4$aBibbia. Nuovo Testamento. Atti degli Apostoli - Commentari, studi, critica, interpretazioni.$0(OLS)http://semarc/subject/30 650 4$aBibbia - NT - Vangeli sinottici - Commentari, studi, critica, interpretazioni.$0(OLS)http://semarc/subject/4722 700 1 $aLandi, Antonio,$d<1980- >.$0(OLS)http://semarc/name/82944 830 0$aGraphé ;$v6.$0(OLS)http://semarc/title/17201 850 $aSeMil 852 $aSeMil$W1$xVenegono$y1$m2W IV 172$j268754$B242057$CSeMilBibl$Z2$F242057 $81 996 $6020$a978-88-01-04714-1$9(OLS)http://semarc/number/296365 996 $6245$a«Tutto ciò che Gesù fece e insegnò» :$bintroduzione ai Vangeli sinottici e agli Atti degli Apostoli$9(OLS)http://semarc/title/440816 996 $6264$aTorino :$bElledici$9(OLS)http://semarc/publisher/30644